Honduras: movimiento popular. II parte
Guardado en:
| Formato: | Texto |
|---|---|
| Lenguaje: | Spanish |
| Materias: | |
| Etiquetas: |
Agregar Etiqueta
Sin Etiquetas, Sea el primero en etiquetar este registro!
|
MARC
| LEADER | 00000 a a2200000 04500 | ||
|---|---|---|---|
| 001 | 18112 | ||
| 003 | cru CIDCACS/IIS | ||
| 005 | 20191218114211.0 | ||
| 008 | 191218b ||||| |||| 00| 0 spa d | ||
| 999 | |c 42785 |d 42785 | ||
| 040 | |c cru CIDCACS/IIS | ||
| 245 | |a Honduras: |b movimiento popular. II parte | ||
| 300 | |a páginas 519-520 | ||
| 650 | |a MOVIMIENTOS SOCIALES | ||
| 650 | |a POLITICA | ||
| 650 | 0 | |a SOCIEDAD |9 26 | |
| 650 | |a HONDURAS | ||
| 942 | |2 ddc |c PP | ||
| 773 | 0 | |0 42391 |9 4167 |a Agencia Latinoamericana de Información, ALAI |d Quito, Ecuador: ALAI |o 03914 |t ALAI: |x 08275564 (Servicio mensual de información y documentación) | |
